| 000 -LEADER |
| fixed length control field |
01025cas a2200301 a 4500 |
| 005 - DATE AND TIME OF LATEST TRANSACTION |
| control field |
20131129031447.0 |
| 008 - FIXED-LENGTH DATA ELEMENTS--GENERAL INFORMATION |
| fixed length control field |
080827c20009999enkgr 0 0eng |
| 020 ## - INTERNATIONAL STANDARD BOOK NUMBER |
| International Standard Book Number |
0199255393 |
| 041 0# - LANGUAGE CODE |
| Language code of text/sound track or separate title |
eng |
| 080 ## - UNIVERSAL DECIMAL CLASSIFICATION NUMBER |
| Universal Decimal Classification number |
347 |
| Common auxiliary subdivision |
(094.4) |
| 245 00 - TITLE STATEMENT |
| Title |
Blackstone's UK & EC competition documents. |
| 246 3# - VARYING FORM OF TITLE |
| Title proper/short title |
Blackstone's UK and EC competition documents |
| 246 30 - VARYING FORM OF TITLE |
| Title proper/short title |
UK & EC competition documents |
| 250 ## - |
| -- |
2nd edition |
| 260 ## - |
| -- |
Oxford : |
| -- |
Oxford University Press |
| -- |
2002. |
| 300 ## - |
| -- |
643 f.; |
| -- |
22 cm. |
| 490 1# - |
| -- |
Blackstone's statutes |
| 500 ## - |
| -- |
Editor's preface : f. [VII] |
| 505 ## - |
| -- |
Includes index. |
| 650 #0 - |
| -- |
Kufizimi i tregtisë |
| -- |
Britania e madhe |
| 650 #0 - |
| -- |
Ligji antitrust |
| -- |
Britania e madhe |
| 650 #0 - |
| -- |
Konkurrenca, e padrejtë |
| -- |
Britania e madhe |
| 650 #0 - |
| -- |
Kufizimi i tregtisë |
| -- |
Vendet e Unionit Europian |
| 650 #0 - |
| -- |
Ligji antitrust |
| -- |
Vendet e Unionit Europian |
| 650 #0 - |
| -- |
Konkurrenca, e padrejtë |
| -- |
Vendet e Unionit Europian |
| 830 #0 - |
| -- |
Blackstone's statutes. |
| 942 ## - ADDED ENTRY ELEMENTS (KOHA) |
| Source of classification or shelving scheme |
|
| Item type |
Books |